Flags of Baltic Countries - Statistics

General Stats
  • This quiz has been taken 61 times
  • The average score is 9 of 9
Answer Stats
Picture Answer % Correct
Denmark
100%
Finland
100%
Estonia
98%
Germany
98%
Poland
98%
Sweden
98%
Lithuania
95%
Russia
95%
Latvia
93%
No matching quizzes found
Score Distribution
Percent of People with Each Score
Percentile by Number Answered
Your Score History
You have not taken this quiz